ბათუმის შოთა რუსთაველის სახელმწიფო უნივერსიტეტის ბიბლიოთეკა

ოდოია : ნარკვევი (ბიბ.ჩანაწერი № 48761)

000 -LEADER
fixed length control field 00803nam a2200217Ia 4500
001 - CONTROL NUMBER
control field 15662
003 - CONTROL NUMBER IDENTIFIER
control field GE_BSU
008 - FIXED-LENGTH DATA ELEMENTS--GENERAL INFORMATION
fixed length control field 181216s||||||||xx |||||||||||||| ||und||
040 ## - CATALOGING SOURCE
Transcribing agency GE_BSU
080 ## - UNIVERSAL DECIMAL CLASSIFICATION NUMBER
Universal Decimal Classification number 908(479.22)
100 ## - MAIN ENTRY--PERSONAL NAME
Personal name ძერია, რ.
245 ## - TITLE STATEMENT
Title ოდოია : ნარკვევი
245 ## - TITLE STATEMENT
Statement of responsibility, etc. რედ.დ.ივარდავა.მხატვ.გ.წერეთელი
260 ## - PUBLICATION, DISTRIBUTION, ETC.
Place of publication, distribution, etc. თბილისი
260 ## - PUBLICATION, DISTRIBUTION, ETC.
Name of publisher, distributor, etc. საბჭ. საქართველო
260 ## - PUBLICATION, DISTRIBUTION, ETC.
Date of publication, distribution, etc. 1975
300 ## - PHYSICAL DESCRIPTION
Extent 66გვ. ; 17სმ
653 ## - INDEX TERM--UNCONTROLLED
Uncontrolled term კომუნისტური მშენებლობა საქართველოში; საბჭოთა პატრიოტიზმი
653 ## - INDEX TERM--UNCONTROLLED
Uncontrolled term ოდოია : ნარკვევი
942 ## - ADDED ENTRY ELEMENTS (KOHA)
Koha item type წიგნი
ეგზემპლარები
Withdrawn status Lost status Damaged status Not for loan Date acquired Barcode Date last seen Price effective from Koha item type
        2018-12-17 38770 2018-12-17 2018-12-17 წიგნი
        2018-12-17 38771 2018-12-17 2018-12-17 წიგნი